000 00899nam a2200301 4500
003 OSt
005 20260601171009.0
008 260508b2006\\\\it\a||||\||||\00|\0\spa\d
020 _a3822848409
040 _aICI
_bspa
_cICI
041 _aspa
050 _aNC998
_b.C65 2006
245 1 _aColors signs :
_bIcons /
_ceditores Carlos Mustienes ; Thomas Hilland
264 _aItalia :
_bTASCHEN GimbH,
_c2006
300 _a185 páginas :
_bilustraciones
336 _atexto
_2rdacontent
337 _asin medio
_2rdamedia
338 _avolumen
_2rdacarrier
650 _aSeñales y símbolos
650 _aDiseño gráfico
_918020
650 _aComunicación visual
650 _aIconografía
_932807
650 _aColor en el diseño
650 _aDiseño industrial
_915218
700 1 _aMustienes, Carlos,
_eeditor
_932809
700 1 _a Hilland, Thomas
_eeditpr
_932810
942 _2lcc
_cB
_n1
999 _c20422
_d20422